Control of physical properties of elastomers (Record no. 56312)

MARC details
000 -LEADER
fixed length control field 00520nam a2200205Ia 4500
100 ## - MAIN ENTRY--AUTHOR NAME
Personal name Meier J F
245 #0 - TITLE STATEMENT
Title Control of physical properties of elastomers
260 ## - PUBLICATION, DISTRIBUTION, ETC. (IMPRINT)
Name of publisher Kautschuk Gummi Kunststoffe
Year of publication 2005
300 ## - PHYSICAL DESCRIPTION
Number of Pages 82-89
650 ## - SUBJECT ADDED ENTRY--TOPICAL TERM
Topical Term Carbon black
650 ## - SUBJECT ADDED ENTRY--TOPICAL TERM
Topical Term Filler distribution
650 ## - SUBJECT ADDED ENTRY--TOPICAL TERM
Topical Term Polymer blends
650 ## - SUBJECT ADDED ENTRY--TOPICAL TERM
Topical Term Silane
650 ## - SUBJECT ADDED ENTRY--TOPICAL TERM
Topical Term Silica
650 ## - SUBJECT ADDED ENTRY--TOPICAL TERM
Topical Term Surface modification
700 ## - ADDED ENTRY--PERSONAL NAME
Personal name Kluppel M
700 ## - ADDED ENTRY--PERSONAL NAME
Personal name Schuster R H
942 ## - ADDED ENTRY ELEMENTS (KOHA)
Koha item type Journals
Holdings
Withdrawn status Lost status Damaged status Not for loan Home library Current library Shelving location Date acquired Serial Enumeration / chronology Koha item type
      Journals RRII Library RRII Library Rubber chemistry 17/12/2021 Volume 58, Issue 3 Journals